000
00321nam a22001337a 4500
003
SGT
082
_a
616.01
_b
O26S
100
_a
SASTRY, APURBA S.
245
_a
ONE STAP RESOURCE FOR ALL YOUR EXAM NEEDS MICROBIOLOGY
260
_a
INDIA
_b
JAYPEE PUB
_c
2026
300
_a
163
650
_a
MICROBIOLOGY
942
_2
ddc
_c
BK
999
_c
34331
_d
34331